| 000 | 00447nam a22001817a 4500 | ||
|---|---|---|---|
| 003 | CEME | ||
| 005 | 20210628210022.0 | ||
| 008 | 210210b xxu||||| |||| 00| 0 eng d | ||
| 020 | _a81-87336-17-X | ||
| 040 | _c. | ||
| 082 | _a004 GOE | ||
| 100 |
_aGoel, S. K _977861 |
||
| 245 | _aHardware management | ||
| 260 |
_aNEW DELHI _bDOMINANT PUBLISHER _c1999 |
||
| 300 | _a240P | ||
| 650 |
_aCOMPUTER HARDWARE MANAGEMENT _977862 |
||
| 942 |
_cBK _2ddc |
||
| 999 |
_c583057 _d583057 |
||